Efecto de la fertilización nitro-fosforada sobre la estructura radical y rendimiento del sorgo granífero /
Guardado en:
| Autor Principal: | |
|---|---|
| Autor Corporativo: | |
| Otros Autores: | |
| Formato: | Libro |
| Idioma: | Spanish |
| Etiquetas: |
Agregar Etiqueta
Sin Etiquetas, Sea el primero en etiquetar este registro!
|
| LEADER | 00720nam a22001575a 4500 | ||
|---|---|---|---|
| 001 | EEA.libagro008047 | ||
| 005 | 20161122130341.0 | ||
| 008 | 130809s2008####ag#a##########000#0#spa#d | ||
| 082 | 0 | 4 | |a 633.17489 |
| 100 | 1 | |a Steffen, Gabriel Tomás. | |
| 245 | 1 | 0 | |a Efecto de la fertilización nitro-fosforada sobre la estructura radical y rendimiento del sorgo granífero / |c Gabriel Tomás Steffen. |
| 300 | |a [46 h.] : |b il. ; |c 30 cm. | ||
| 500 | |a Trabajo de intensificación (Ingeniero Agrónomo) -- Universidad Nacional del Sur. Departamento de Agronomía, 2008. | ||
| 700 | 1 | |a Cantamutto, Miguel A., |e tutor. | |
| 710 | 2 | |a Universidad Nacional del Sur. |b Departamento de Agronomía. | |
| 859 | |a AR-BbBCA |b BIB. AGRONOMIA |h 633.17489 |i S817 |p 2008/5436 | ||
